Seed technology / (Record no. 586)
[ view plain ]
| 000 -LEADER | |
|---|---|
| fixed length control field | 00744nam a22002297a 4500 |
| 001 - CONTROL NUMBER | |
| control field | BD-DhSAU 586 |
| 003 - CONTROL NUMBER IDENTIFIER | |
| control field | BD-DhSAU |
| 005 - DATE AND TIME OF LATEST TRANSACTION | |
| control field | 20150105193000.0 |
| 008 - FIXED-LENGTH DATA ELEMENTS--GENERAL INFORMATION | |
| fixed length control field | 150105b1980 ii a|||| |||| 001 0deng d |
| 020 ## - INTERNATIONAL STANDARD BOOK NUMBER | |
| International Standard Book Number | 8120400682 |
| 040 ## - CATALOGING SOURCE | |
| Transcribing agency | BD-DhSAU |
| 082 ## - DEWEY DECIMAL CLASSIFICATION NUMBER | |
| Edition number | 22 |
| Classification number | 631.521 |
| Item number | AGS |
| 100 ## - MAIN ENTRY--PERSONAL NAME | |
| Personal name | Agrawal, R. L. |
| 245 ## - TITLE STATEMENT | |
| Title | Seed technology / |
| Statement of responsibility, etc. | R. L. Agrawal |
| 260 ## - PUBLICATION, DISTRIBUTION, ETC. (IMPRINT) | |
| Place of publication, distribution, etc. | New Delhi : |
| Name of publisher, distributor, etc. | Oxford & IBH Publishing Co. ; |
| Date of publication, distribution, etc. | c1980. |
| 300 ## - PHYSICAL DESCRIPTION | |
| Extent | x, 685 p. : |
| Other physical details | ill. ; |
| Dimensions | 22 cm. |
| 504 ## - BIBLIOGRAPHY, ETC. NOTE | |
| Bibliography, etc | Includes bibliographical references & index. |
| 590 ## - Name of Cataloguer | |
| Name of Cataloger | Jerin |
| 650 ## - SUBJECT ADDED ENTRY--TOPICAL TERM | |
| Topical term or geographic name as entry element | Agronomy |
| 650 ## - SUBJECT ADDED ENTRY--TOPICAL TERM | |
| Topical term or geographic name as entry element | Seed technology |
| 856 ## - ELECTRONIC LOCATION AND ACCESS | |
| Uniform Resource Identifier | <a href="https://books.google.com.bd/books?id=LlswNUrd-28C&dq=Seed+technology&hl=en&sa=X&ei=eVyqVP_HKI6BuwT_74LoBw&redir_esc=y">https://books.google.com.bd/books?id=LlswNUrd-28C&dq=Seed+technology&hl=en&sa=X&ei=eVyqVP_HKI6BuwT_74LoBw&redir_esc=y</a> |
| 942 ## - ADDED ENTRY ELEMENTS (KOHA) | |
| Source of classification or shelving scheme | Dewey Decimal Classification |
| Koha item type | Book |
| Withdrawn status | Lost status | Source of classification or shelving scheme | Damaged status | Not for loan | Home library | Branch Name | Shelving location | Date acquired | Total Checkouts | Full call number | Barcode | Date last seen | Date checked out | Price effective from | Koha item type | Collection code | Checked out |
|---|---|---|---|---|---|---|---|---|---|---|---|---|---|---|---|---|---|
| Dewey Decimal Classification | SAU Library | SAU Library | General Stacks | 29/06/1988 | 1 | 631.521 AGS | 11948 | 20/06/2022 | 23/02/2022 | 05/01/2015 | Book | ||||||
| Dewey Decimal Classification | SAU Library | SAU Library | General Stacks | 29/06/1988 | 631.521 AGS | 11951 | 13/01/2015 | 13/01/2015 | Book | ||||||||
| Dewey Decimal Classification | Not For Loan | SAU Library | SAU Library | Reference | 29/06/1988 | 631.521 AGS | 11945 | 15/01/2015 | 15/01/2015 | Book | Reference | ||||||
| Dewey Decimal Classification | Not For Loan | SAU Library | SAU Library | Reference | 16/05/1985 | 631.521 AGS | 9883 | 03/05/2015 | 03/05/2015 | Book | |||||||
| Dewey Decimal Classification | SAU Library | SAU Library | General Stacks | 29/06/1988 | 2 | 631.521 AGS | 11947 | 03/03/2026 | 03/03/2026 | 19/06/2015 | Book | 01/06/2026 | |||||
| Dewey Decimal Classification | SAU Library | SAU Library | General Stacks | 07/03/2016 | 631.521 AGS | 11949 | 07/03/2016 | 07/03/2016 | Book |
